000 00365nam a2200157Ia 4500
003 OSt
005 20240307101425.0
008 170523s9999 xx 000 0 und d
020 _a978-0070499485
040 _cIIMTU MEERUT
100 _aSAIYADAIN- MIRZA S
245 0 _aORGANISATIONAL BEHAVIOR
260 _bTATA MC GRAW HILL
260 _c2003
942 _2ddc
_c02
999 _c1111
_d1111